Welcome to CU Library Online Public Access Catalogue (OPAC)

Doing quantitative research in social sciences: (Record no. 4924)

MARC details
000 -LEADER
fixed length control field 00495nam a22001577a 4500
005 - DATE AND TIME OF LATEST TRANSACTION
control field 20250318111333.0
008 - FIXED-LENGTH DATA ELEMENTS--GENERAL INFORMATION
fixed length control field 250318b |||||||| |||| 00| 0 eng d
020 ## - INTERNATIONAL STANDARD BOOK NUMBER
International Standard Book Number 9780761953531
050 ## - LIBRARY OF CONGRESS CALL NUMBER
Classification number H 61.B4765 BLA
Item number 1
100 ## - MAIN ENTRY--PERSONAL NAME
Personal name BLACK, R. Thomas
245 ## - TITLE STATEMENT
Title Doing quantitative research in social sciences:
Remainder of title An integrated approach to research design, mearsurement and statistics
260 ## - PUBLICATION, DISTRIBUTION, ETC.
Place of publication, distribution, etc. London
Name of publisher, distributor, etc. Sage
Date of publication, distribution, etc. 1999c
300 ## - PHYSICAL DESCRIPTION
Extent xiv,751p
500 ## - GENERAL NOTE
General note Appendix ,Tables index
942 ## - ADDED ENTRY ELEMENTS (KOHA)
Source of classification or shelving scheme Library of Congress Classification
Koha item type Books
Suppress in OPAC No
999 ## -
-- 4924
-- 4924
Holdings
Withdrawn status Lost status Source of classification or shelving scheme Damaged status Not for loan Collection Home library Current library Shelving location Date acquired Total checkouts Full call number Barcode Date last seen Copy number Price effective from Koha item type
    Library of Congress Classification     Non-fiction Business Library (Miotso) Business Library (Miotso) General stacks 04/14/2025   H61 .B4765 BLA BSSM00001884 04/14/2025 3 04/14/2025 Books
    Library of Congress Classification     Non-fiction Business Library (Miotso) Business Library (Miotso) General stacks 04/14/2025   H61 .B4765 BLA BSSM00001885 04/14/2025 4 04/14/2025 Books
    Library of Congress Classification     Non-fiction Graduate Library (Christ Temple) Graduate Library (Christ Temple) General stacks 03/18/2025   H 61.B 4765 BLA GSCT00000654 03/18/2025 1 03/18/2025 Books
    Library of Congress Classification     Non-fiction Graduate Library (Christ Temple) Graduate Library (Christ Temple) General stacks 03/18/2025   H 61.B 4765 BLA GSCT00000655 03/18/2025 2 03/18/2025 Books
    Library of Congress Classification     Non-fiction Undergraduate Library (Christ Temple) Undergraduate Library (Christ Temple) General stacks 09/16/2025   H61.84765 BLA ulct00004815 09/16/2025 1 09/16/2025 Books
© 2023-2024 Copyright: Central University Libraries. All Rights Reserved | Created by: Mahone Tech Office